Древние литературы Ближнего Востока и мир Танаха (Ветхого Завета): учебное пособие

Dades bibliogràfiques
Autor principal: Синило Г. В. Галина Вениаминовна
Autor corporatiu: Московский психолого-социальный институт (МПСИ)
Sumari:Эта книга приглашает читателя погрузиться в мир древнейших известных нам письменных культур — египетской, шумерской, аккадской, хетто-хурритской, ханаанейской, а также тесно взаимосвязанной с ними и вместе с тем уникальной древнееврейской культуры, в лоне которой рождаются библейские тексты. Первоистоки, первоначала — истории, цивилизации, литературы, нашей общей судьбы — о них эта книга. Для студентов гуманитарных факультетов университетов, и прежде всего — культурологов, филологов, философов, религиоведов, а также для широкого крута читателей, интересующихся проблемами духовной и художественной культуры.
Idioma:rus
Publicat: Москва, Флинта, 2008
Matèries:
Format: MixedMaterials Llibre
KOHA link:https://koha.lib.tpu.ru/cgi-bin/koha/opac-detail.pl?biblionumber=139555

MARC

LEADER 00000nam0a2200000 4500
001 139555
005 20231031141801.0
010 |a 9785893497151 
010 |a 978-5-9770-0048-2 
035 |a (RuTPU)RU\TPU\book\151183 
090 |a 139555 
100 |a 20080609d2008 m y0rusy50 ca 
101 0 |a rus 
102 |a RU 
105 |a y j 001zy 
200 1 |a Древние литературы Ближнего Востока и мир Танаха (Ветхого Завета)  |e учебное пособие  |f Г. В. Синило  |g Московский психолого-социальный институт (МПСИ) 
210 |a Москва  |c Флинта  |c МПСИ  |d 2008 
215 |a 848 с. 
320 |a Литература: с. 821-845. 
330 |a Эта книга приглашает читателя погрузиться в мир древнейших известных нам письменных культур — египетской, шумерской, аккадской, хетто-хурритской, ханаанейской, а также тесно взаимосвязанной с ними и вместе с тем уникальной древнееврейской культуры, в лоне которой рождаются библейские тексты. Первоистоки, первоначала — истории, цивилизации, литературы, нашей общей судьбы — о них эта книга. Для студентов гуманитарных факультетов университетов, и прежде всего — культурологов, филологов, философов, религиоведов, а также для широкого крута читателей, интересующихся проблемами духовной и художественной культуры. 
610 1 |a литература 
610 1 |a литературоведение 
610 1 |a Древние литературы 
610 1 |a Ближний Восток 
610 1 |a египетская литература 
610 1 |a шумерская литература 
610 1 |a Аккадская литература 
610 1 |a Хетто-Хурритская литература 
610 1 |a Ханаанейская литература 
610 1 |a Древнееврейская литература 
610 1 |a Тора 
610 1 |a Танах 
610 1 |a Ветхий завет 
610 1 |a религиозно-исторический эпос 
610 1 |a учебные пособия 
675 |a 809(075.8)  |v 3 
700 1 |a Синило  |b Г. В.  |g Галина Вениаминовна 
712 0 2 |a Московский психолого-социальный институт (МПСИ)  |2 stltpush  |3 (RuTPU)RU\TPU\col\10702 
801 1 |a RU  |b 63413507  |c 20080609  |g PSBO 
801 2 |a RU  |b 63413507  |c 20200825  |g PSBO 
942 |c BK 
959 |a 65/20080529  |d 1  |e 0  |f ХФ:1